Classical aspherical manifolds

Saved in:
Bibliographic Details
Main Author: Farrell, F. Thomas, 1941-
Corporate Authors: Conference Board of the Mathematical Sciences, National Science Foundation (U.S.)
Other Authors: Jones, Lowell, 1945-
Format: Book
Language:English
Published: Providence, R.I. : Published for the Conference Board of the Mathematical Sciences by the American Mathematical Society, c1990
Series:Regional conference series in mathematics
Subjects:
Tags: Add Tag
No Tags, Be the first to tag this record!

MARC

LEADER 00000cam a2200000 i 4500
001 1/44437
008 941103s1990 eng d
020 |a 0821807269 
035 |l 10042279 
040 |a GR-MY-UA  |b gre  |e aacr 
041 0 |a eng 
082 0 |a 514.223  |2 (20) 
100 1 |a Farrell, F. Thomas,   |d 1941- 
245 1 0 |a Classical aspherical manifolds /  |c F. Thomas Farrell, L. Edwin Jones 
260 |a Providence, R.I. :   |b Published for the Conference Board of the Mathematical Sciences by the American Mathematical Society,   |c c1990 
300 |a vii, 54 p.;  |b ill.;  |c 26 cm 
490 1 |a Regional conference series in mathematics 
500 |a "Supported by the National Science Foundation." 
500 |a Lectures presented at a conference held Jan. 9-14, 1989, Gainesville, Fla 
504 |a Includes bibliographical references (p. 50-54) 
650 0 0 |a Manifolds (Mathematics)  |x Congresses. 
700 1 |a Jones, Lowell,   |d 1945- 
710 2 |a Conference Board of the Mathematical Sciences. 
710 2 |a National Science Foundation (U.S.) 
830 0 |a Regional conference series in mathematics 
852 |a INST  |b SAMOS  |e 19941103  |h 514.223 FAR  |p 005300007471  |q 005300007471  |t BK  |y 0 
909 |a Σ  |b 030141